[Event "SVK-chT2W 0102"]
[Site "Slovakia"]
[Date "2001.12.16"]
[Round "6.7"]
[White "Deak, Gabriel"]
[Black "Slamka, Michal"]
[Result "1-0"]
[WhiteElo "2133"]
[BlackElo "1598"]
[PlyCount "65"]
[EventDate "2001.10.??"]
[EventType "team"]
[EventRounds "11"]
[EventCountry "SVK"]
[SourceTitle "EXT 2006"]
[Source "ChessBase"]
[SourceDate "2005.11.24"]
[SourceVersion "1"]
[SourceVersionDate "2005.11.24"]
[SourceQuality "1"]

1. d4 Nf6 2. Nc3 g6 3. Bg5 Bg7 4. Qd2 d5 5. Nf3 Nc6 6. e3 a6 7. Bxf6 Bxf6 8. Be2 Bg4 9. h3 Bxf3 10. Bxf3 e6 11. Ne2 Ne7 12. Qb4 Rb8 13. 0-0-0 0-0 14. h4 Nc6 15. Qe1 Qd6 16. h5 b5 17. hxg6 fxg6 18. Nc3 Ne7 19. e4 b4 20. Na4 Qc6 21. b3 dxe4 22. Bxe4 Qd6 23. Qd2 Bg7 24. Nc5 Nd5 25. Bxd5 Qxd5 26. f3 e5 27. Rhe1 Rfd8 28. Kb1 Rb5 29. Nxa6 Qb7 30. Qg5 Ra8 31. Nc5 Rba5 32. Nxb7 Rxa2 33. Kc1 1-0

[Event "Bratislava Slovan op"]
[Site "Bratislava"]
[Date "2001.??.??"]
[Round "4"]
[White "Dudas, Jan"]
[Black "Deak, Gabriel"]
[Result "1-0"]
[WhiteElo "2269"]
[BlackElo "2102"]
[PlyCount "57"]
[EventDate "2001.04.28"]
[EventType "swiss"]
[EventRounds "9"]
[EventCountry "SVK"]
[SourceTitle "EXT 2006"]
[Source "ChessBase"]
[SourceDate "2005.11.24"]
[SourceVersion "1"]
[SourceVersionDate "2005.11.24"]
[SourceQuality "1"]

1. e4 c5 2. Nf3 d6 3. d4 cxd4 4. Nxd4 Nf6 5. Nc3 g6 6. Be3 Bg7 7. f3 0-0 8. Qd2 Nc6 9. 0-0-0 d5 10. exd5 Nxd5 11. Nxc6 bxc6 12. Bd4 e5 13. Bc5 Re8 14. Ne4 Qh4 15. Kb1 Be6 16. g3 Qd8 17. h4 a5 18. h5 Nb4 19. hxg6 fxg6 20. a3 Qxd2 21. Rxd2 Na6 22. Bb6 Reb8 23. Bxa5 Bd5 24. Bd3 Nc5 25. Bc7 Nxe4 26. fxe4 Rb7 27. exd5 e4 28. Bc4 Rxb2+ 29. Kc1 1-0

[Event "SVK-chT2W 9900"]
[Site "Slovakia"]
[Date "1999.??.??"]
[Round "1.7"]
[White "Deak, Gabriel"]
[Black "Bilovsky, Milan"]
[Result "1-0"]
[WhiteElo "1979"]
[BlackElo "1846"]
[PlyCount "87"]
[EventDate "1999.11.06"]
[EventType "team"]
[EventRounds "9"]
[EventCountry "SVK"]
[SourceTitle "EXT 2005"]
[Source "ChessBase"]
[SourceDate "2004.11.15"]
[SourceVersion "1"]
[SourceVersionDate "2004.11.15"]
[SourceQuality "1"]

1. d4 d5 2. Nf3 Nf6 3. c4 c6 4. Nc3 e6 5. Bg5 Be7 6. e3 0-0 7. Bd3 dxc4 8. Bxc4 Nbd7 9. 0-0 b5 10. Bd3 Bb7 11. Rc1 a6 12. Qe2 c5 13. dxc5 Nxc5 14. Bb1 b4 15. Bxf6 Bxf6 16. Nb5 Qe7 17. Nbd4 Rac8 18. Nd2 g6 19. Rfd1 Rfd8 20. Nc4 Bg7 21. Na5 Qc7 22. Ndb3 Rxd1+ 23. Qxd1 Bf8 24. Qg4 Qb6 25. Nc4 Nxb3 26. axb3 Qd6 27. h4 Qd5 28. e4 h5 29. Qe2 Qd4 30. Rd1 Qf6 31. g3 Rd8 32. Re1 Bc5 33. Na5 Ba8 34. Rf1 Bb6 35. Qxa6 Bd4 36. Nc4 Qf3 37. Kh2 Bxf2 38. Rxf2 Qxf2+ 39. Kh3 Qxb2 40. Nxb2 e5 41. Qe2 Bc6 42. Nd3 Rc8 43. Nxb4 Bd7+ 44. Kg2 1-0

[Event "SVK-chT2W 9900"]
[Site "Slovakia"]
[Date "1999.??.??"]
[Round "2.7"]
[White "Vach, Pavol"]
[Black "Deak, Gabriel"]
[Result "1-0"]
[WhiteElo "1878"]
[BlackElo "1979"]
[PlyCount "115"]
[EventDate "1999.11.06"]
[EventType "team"]
[EventRounds "9"]
[EventCountry "SVK"]
[SourceTitle "EXT 2005"]
[Source "ChessBase"]
[SourceDate "2004.11.15"]
[SourceVersion "1"]
[SourceVersionDate "2004.11.15"]
[SourceQuality "1"]

1. d4 d5 2. c4 e6 3. Nc3 c6 4. cxd5 exd5 5. e4 dxe4 6. Nxe4 Bb4+ 7. Nc3 Nf6 8. Bc4 0-0 9. Nge2 b5 10. Bd3 Bb7 11. 0-0 a6 12. Ng3 c5 13. dxc5 Bxc3 14. bxc3 Qd5 15. f3 Rd8 16. Be3 Qxd3 17. Qxd3 Rxd3 18. Bd4 Nc6 19. Rad1 Rxd1 20. Rxd1 Rd8 21. Nf5 Ne8 22. Re1 Bc8 23. Ne7+ Nxe7 24. Rxe7 Kf8 25. Ra7 Nf6 26. a3 Nd5 27. Kf2 Re8 28. g3 Re6 29. f4 f6 30. Kf3 Re7 31. Ra8 Rc7 32. g4 Kf7 33. Kg3 Ne7 34. h4 Nc6 35. f5 Na5 36. Kf4 Nc4 37. g5 Nxa3 38. h5 fxg5+ 39. Kxg5 Nc4 40. Kf4 Bb7 41. Rh8 h6 42. f6 g5+ 43. Kg3 Ke6 44. Rxh6 Be4 45. Kg4 a5 46. Rh8 a4 47. Re8+ Kf7 48. Rxe4 a3 49. Re2 Nb2 50. c4 Nxc4 51. Re7+ Rxe7 52. fxe7 a2 53. h6 Ne3+ 54. Kxg5 Nc2 55. Bb2 Kxe7 56. h7 Kd7 57. h8Q Kc6 58. Qc3 1-0